00962nam a2200217Ia 4500003000900000008004100009040001600050080001600066111009000082245023500172260003900407300002300446650004100469650003400510650001800544700004100562700002700603942000700630999001500637952009200652IN-BaIIA211028s9999 xx 000 0 eng d cIIA Library a523.9bSTIP aMaynooth Symposium on Solar/ interplanetary intervalscMaynoothd1982 Aug. 4-6913828 0aSTIP Symposium on Solar/ interPlanetary intervalsbproceedings of the Maynooth Symposium on Solar/ interPlanetary intervals, held in Maynooth, Ireland, 4-6 August 1982cedited by M.A. Shea and D.F. Smart and S.M.P. McKenna-Lawlor. aIrelandbRoyal Irish Academyc1984 a[various pagings.] aAstronomy and Astrophysics thesaurus aInterPlanetary Physics913829 aSolar Physics aMckenna-Lawlor, S. M. P., ed.913830 aShea, M. A., ed.99897 cBK c8244d8244 00104070aBANbBANcGENd1985-04-30l0o523.9/ STIPp9088r2021-11-05w1985-04-30yBK